| 000 | 00757nam a22001817a 4500 | ||
|---|---|---|---|
| 999 |
_c59535 _d59535 |
||
| 003 | Ge_BSU | ||
| 005 | 20230310165816.0 | ||
| 008 | 230310s2002 ge ||||| |||| 00| 0 geo d | ||
| 041 | _ageo | ||
| 080 | _a339.543(479.22) ს-13 | ||
| 245 |
_aსაბაჟო კანონმდებლობა / _bცვლილებებითა და დამატებებით 2002 1 აგვისტომდე. |
||
| 264 |
_aთბილისი, _c2002. |
||
| 300 |
_a97 გვ.; _b21 სმ. |
||
| 490 | _aიურისტის ბიბლიოთეკა | ||
| 653 | _aსაქართველოს საბაჟო კოდექსი | ||
| 653 | _aსაქართველო. კანონები. | ||
| 942 |
_2udc _cBK |
||